|
|
|
|
| LEADER |
01262cam a2200337 a 4500 |
| 001 |
30063 |
| 003 |
BD-DhAAL |
| 005 |
20151108124707.0 |
| 008 |
151108r20142001enk d 000 0 eng d |
| 010 |
|
|
|a 2002728835
|
| 020 |
|
|
|a 9780199664405
|
| 040 |
|
|
|a UKM
|c UKM
|d DLC
|d BD-DhAAL
|
| 042 |
|
|
|a lccopycat
|
| 050 |
0 |
0 |
|a PE1628
|b .O945 2002
|
| 082 |
0 |
4 |
|a 423
|2 21
|
| 999 |
|
|
|c 36065
|d 36065
|
| 999 |
|
|
|c 36065
|
| 130 |
0 |
|
|a Oxford paperback dictionary, thesaurus, and wordpower guide
|9 15629
|
| 245 |
1 |
4 |
|a Compact Oxford thesaurus /
|c edited by Catherine Soanes and Sara Hawker.
|
| 250 |
|
|
|a 3rd ed.
|
| 260 |
|
|
|a Oxford ;
|a New York :
|b Oxford University Press,
|c 2014.
|
| 300 |
|
|
|a vi, 935 p. ;
|c 23 cm.
|
| 500 |
|
|
|a Originally published as: Oxford paperback dictionary, thesaurus, and wordpower guide. 2001.
|
| 541 |
|
|
|e 30063
|
| 650 |
|
0 |
|a English language
|v Dictionaries.
|9 16022
|
| 650 |
|
0 |
|a English language
|x Synonyms and antonyms
|v Dictionaries.
|9 15496
|
| 700 |
1 |
|
|a Soanes, Catherine.
|9 15631
|
| 700 |
1 |
|
|a Spooner, Alan.
|9 15632
|
| 700 |
1 |
|
|a Hawker, Sara.
|9 15633
|
| 942 |
|
|
|2 ddc
|c BK
|
| 952 |
|
|
|0 0
|1 0
|2 ddc
|4 0
|6 423_000000000000000_COM
|7 0
|9 56672
|a CED
|b CED
|c GEN
|d 2015-11-08
|e STS International
|g 1000.00
|l 0
|o 423 COM
|p 3010030063
|r 2015-11-08
|t 1
|w 2015-11-08
|y BK
|